Teória a prax vybraných druhov finančných rizík (kreditné, trhové, operačné)

Bibliographic Details
Main Authors: Sivák, Rudolf, 1955- (Author), Gertler, Ľubomíra, 1977- (Author)
Format: Book
Language:Slovak
PhysicalDescription:248 s. sch., tab. 21 cm
Published: Bratislava Sprint-vfra 2006
ISBN:8089085563
Edition:[1. vyd.]
Subjects:

MARC

LEADER 00000nam a2200000 a 4500
001 vtls008934866
003 SK-MaSNL
005 20260301124701.0
008 240318s2006 xo l f 000 0 slo
015 |a SNBA2007/02-00574 
020 |a 8089085563  |q (viaz.) 
035 |a 534813E4-8DFD-4480-B32B-B34D89786506 
035 |a urn:nbn:sk:snk-amleq7 
035 |a urn:nbn:sk:snk-am008yq5 
040 |a SNK  |b slo  |c SNK  |e AACR2 
041 0 |a slo 
044 |a xo  |c SK 
072 7 |a 336.7  |x Financie  |2 konspekt 
080 |a 336.7:330.131.7  |2 2001 
080 |a 336.71  |2 2001 
080 |a 336.76  |2 2001 
080 |a 005.334:005.332.3  |2 2001 
080 |a 658.14/.17  |2 2001 
080 |a (048.8)  |2 2001 
100 1 |a Sivák, Rudolf,  |d 1955-  |4 aut  |9 194158 
245 1 0 |a Teória a prax vybraných druhov finančných rizík  |b (kreditné, trhové, operačné)  |c Rudolf Sivák, Ľubomíra Gertler 
250 |a [1. vyd.] 
260 |a Bratislava  |b Sprint-vfra  |c 2006 
300 |a 248 s.  |b sch., tab.  |c 21 cm 
504 |a Bibliogr. s. 243-247 
650 0 7 |a finančné riziká  |2 SNKPH  |9 75626 
650 0 7 |a manažment rizika  |2 SNKPH  |9 4289 
650 0 7 |a finančný manažment  |2 SNKPH  |9 928 
650 0 7 |a Financial risks  |2 SNKPHeng  |9 330224 
650 0 7 |a bankovníctvo  |2 SNKPH  |9 2101 
650 0 7 |a Banking  |2 SNKPHeng  |9 265497 
650 0 7 |a finančné trhy  |2 SNKPH  |9 2275 
650 0 7 |a Financial markets  |2 SNKPHeng  |9 267391 
650 0 7 |a Risk management  |2 SNKPHeng  |9 282385 
650 0 7 |a Financial management  |2 SNKPHeng  |9 268527 
655 7 |a monografie  |2 SNKPH  |9 70139 
655 7 |a Monographs  |2 SNKPHeng  |9 120675 
700 1 |a Gertler, Ľubomíra,  |d 1977-  |4 aut  |9 216216 
919 |a 80-89085-56-3 
958 |a NB 
958 |a OND 
968 |d 33 
999 |c 740139  |d 742069 
952 |a SNK  |b SNK  |y PREZ  |7 0  |p 17A0537103  |o snkSC 126283  |i snk2007/922  |8 0  |0 0  |1 0  |4 0  |d 2007-01-12  |f 1  |l 0  |r 2025-06-11 00:00:00  |w 2026-02-23 
952 |a SNK  |b SNK  |y VYP  |7 0  |p 17A0537102  |o snkSC 126283 D1  |i snk2007/923  |8 0  |0 0  |1 0  |4 0  |d 2007-01-12  |l 0  |r 2026-02-23 22:56:49  |w 2026-02-23